000 01639cam a2200409 a 4500
001 EDZ0000116333
003 StDuBDS
005 20161031105113.0
006 m||||||||d||||||||
007 cr |||||||||||
008 130111s2006 enka fo| 000|0|eng d
020 _a9781446261255 (ebook) :
_cNo price
040 _aStDuBDS
_beng
_cStDuBDS
_epn
049 _aAlfaisal Main Library
050 0 _aHV6025
_b.C7396 2006
082 0 4 _a364
_223
245 0 0 _aCriminology
_h[electronic resource] /
_cedited by John Muncie.
260 _aLondon :
_bSAGE,
_c2006.
300 _a1 online resource (3 v.) :
_bill.
490 1 _aSAGE library of criminology
505 0 _av. 1. The meaning of crime -- v. 2. The causes of crime -- v. 3. Radical and critical criminologies.
520 8 _aThis three-volume set is the definitive reference tool for criminology and criminal justice students, researchers and practitioners worldwide. John Muncie presents a comprehensive collection of classic and contemporary pieces that define the study of crime.
521 _aSpecialized.
588 _aDescription based on print version record.
504 _aIncludes bibliographical references.
650 0 _aCriminology.
655 7 _aElectronic books.
_2local
700 1 _aMuncie, John.
710 2 _aSage eBooks
740 0 2 _aMeaning of crime.
740 0 2 _aCauses of crime.
740 0 2 _aRadical and critical criminologies.
776 0 8 _iPrint version :
_z9781412911658
830 0 _aSAGE library of criminology.
856 4 0 _uhttp://ezproxy.alfaisal.edu/login?url=http://sk.sagepub.com/navigator/criminology
942 _2lcc
_cEBOOKS
999 _c479391
_d479391